Statistics for Highest Grossing Movies of 2018

Click here to take the quiz!

General Stats

  • This quiz has been taken 12 times
  • The average score is 15 of 30

Answer Stats

HintAnswer% Correct
A massive group of superheroes band together to stop an alien from assembling powerful stones in order to destroy half of the universeAvengers: Infinity War
91%
A man rises to the throne of an African kingdom and defends it from a power-hungry killerBlack Panther
91%
An underwater prince stakes his claim to the crown, aided by the Queen of AtlantisAquaman
73%
A family attempts to survive in a post-apocalyptic world where they are hunted by monsters that can only hear soundA Quiet Place
73%
The life and dramatic backstory of popular pop singer Lady GagaA Star is Born
64%
A pop singer struggles with his sexuality while he and his band become famous rock starsBohemian Rhapsody
64%
A group of women plot to steal a diamond necklace from a celebrity at the Met GalaOcean's Eight
64%
A circus owner locates and recruits several "odd" people in order to create a more entertaining showThe Greatest Showman
64%
A man escapes house arrest in order to prevent quantum technology from falling into the hands of a businessman and a girl that can disappearAnt-Man & The Wasp
55%
A family of superheroes are lured into a trap set by a cunning hypnotist that can take over peoples' mindsIncredibles 2
55%
As the debate over whether to save dinosaurs rages on, a group of people attempt to save the island from a volcano eruptionJurassic World: Fallen Kingdom
55%
A famous magical nanny returns to lead children on another adventureMary Poppins Returns
55%
A man attempts to fend off his garden from some well-meaning but annoying rabbitsPeter Rabbit
55%
Two video game characters enter a router, where they become uploaded to the Internet and attempt to buy a steering wheelRalph Breaks the Internet
55%
In a post-apocalyptic world, a teenager attempts to find three secrets in a global virtual reality video game before an evil corporation can find themReady Player One
55%
A retelling of a classic story in which a grumpy loner becomes jealous of a small nearby town and steals their holiday tidingsThe Grinch
55%
A band of scientists and soldiers attempt to study and capture a massive sharkThe Meg
55%
Two adventurers are haunted as they attempt to track down a demon that poses as a nunThe Nun
55%
After being imprisoned for many years, a masked serial killer escapes a mental asylum and wreaks havoc on a town in IllinoisHalloween
45%
A woman dreams about hosting an event in which her mother and her mother's former friends and lovers all assemble on an island in GreeceMamma Mia! Here We Go Again
45%
A young kid accidentally becomes a superhero and is pulled into a multiversal plot with other superheroes like himSpider-Man: Into the Spider-Verse
45%
A news reporter is infected by an alien entity and then harnesses it to fight an evil scientistVenom
45%
A cancer-stricken man loses his girlfriend and attempts to kill himself, but is roped into an adventure with a an angry fat kid and a lucky girlDeadpool 2
36%
After his boxing father is killed tragically, his son accepts a dangerous fight with the son of his father's killerCreed II
27%
A group of American wizards attempt to fend off and fight a dark wizard that attempts to take control of an ObscuriusFantastic Beasts: The Crimes of Grindelwald
27%
A vampire is forced by his family to go on a cruise, where he meets a woman that he falls in love withHotel Transylvania 3: Summer Vacation
27%
A famous spy and his cohorts attempt to prevent a coordinated nuclear attack on religious holy sitesMission Impossible: Fallout
18%
A smuggler attempts to find his way through a galaxy while being chased by an intergalactic criminal organizationSolo: A Star Wars Story
18%
An unassuming woman falls in love with a man who turns out to be very wealthy - and she must deal with his familyCrazy Rich Asians
0%
After his best friend is killed by thugs, a man goes on a rampage through a league of assassinsThe Equalizer 2
0%

Score Distribution

Percentile by Number Answered

Percent of People with Each Score

Your Score History

You have not taken this quiz